[Event "Eastern op 20th"]
[Site "Bethesda"]
[Date "1993.12.29"]
[Round "7"]
[White "Alexopoulos, Georgios"]
[Black "Conner, Troy B"]
[Result "1/2-1/2"]
[WhiteElo "2255"]
[BlackElo "2225"]
[PlyCount "79"]
[EventDate "1993.12.26"]
[EventType "swiss"]
[EventRounds "8"]
[EventCountry "USA"]
[SourceTitle "EXT 2006"]
[Source "ChessBase"]
[SourceDate "2005.11.24"]
[SourceVersion "1"]
[SourceVersionDate "2005.11.24"]
[SourceQuality "1"]

1. e4 e6 2. d4 d5 3. e5 c5 4. Nf3 Nc6 5. c3 Qb6 6. a3 f6 7. b4 fxe5 8. Nxe5 Nxe5 9. dxe5 Qc7 10. Bf4 Bd7 11. Nd2 c4 12. Nf3 Ne7 13. h4 Nc6 14. g3 Be7 15. Bh3 0-0-0 16. Qe2 Rdf8 17. Qe3 Qb6 18. Ke2 Bd8 19. a4 h6 20. h5 Rf7 21. a5 Qxe3+ 22. fxe3 Bc7 23. Ra2 Rhf8 24. Rf1 a6 25. Ke1 Bd8 26. Nd4 Nxd4 27. exd4 Kc7 28. Raf2 Kc6 29. Be3 Rxf2 30. Rxf2 Rxf2 31. Bxf2 Kb5 32. Kd2 Ka4 33. Kc2 Ka3 34. Be3 Ka2 35. Bg4 Be7 36. Bf4 Ba4+ 37. Kc1 Bd7 38. Kc2 Bd8 39. Bd2 Ba4+ 40. Kc1 1/2-1/2